000 00875nas a2200289 4500
001 BR2011001354
003 BR-BrBNA
005 20231205114518.0
007 ta
008 230509b bl.|||p| |||| 00| 00por d
040 _aBR-BrBNA
_bpor
_cBiblioteca Nacional de Agricultura
041 _a(Pt)
072 _aH60; F04
100 1 _aSediyama, M.A.N.
100 1 _aSantos, M.R.
100 1 _aVidigal, S.M.
100 1 _aSantos, I.C.
100 1 _aSalgado, L.T.
245 1 _aOcorrência de plantas daninhas no cultivo de beterraba com cobertura morta e adubação orgânica
650 _aBETERRABA
650 _aCOBERTURA MORTA
650 _aADUBO ORGÂNICO
650 _aADUBAÇÃO
773 0 _tPlanta Daninha (Brazil)
_xISSN 0100-8358
_g(Oct-Dec 2010), v. 28(4) p. 717-725
_wBR2011001354
909 _a202311
_bLúcia
_c55
_dLúcia Elande
942 _2AGRIS
_n0
_cANA
999 _c209111
_d209111